[Event "GER GM07-B email"]
[Site "GER email"]
[Date "2018.06.19"]
[Round "?"]
[White "Dunlop, Gordon"]
[Black "Copar, Anton"]
[Result "1/2-1/2"]
[WhiteElo "2535"]
[BlackElo "2527"]
[PlyCount "105"]
[EventDate "2018.??.??"]
[EventType "tourn (corr)"]
[EventRounds "13"]
[EventCountry "GER"]
[SourceTitle "Corr 2022"]
[Source "ChessBase"]
[SourceDate "2021.10.24"]
[SourceVersion "1"]
[SourceVersionDate "2021.10.24"]
[SourceQuality "1"]

1. e4 c5 2. Nf3 d6 3. d4 cxd4 4. Nxd4 Nf6 5. Nc3 a6 6. Be3 e5 7. Nb3 Be6 8. f3 h5 9. Nd5 Bxd5 10. exd5 Nbd7 11. Be2 g6 12. Qd2 Bg7 13. 0-0 b6 14. Rac1 0-0 15. Bg5 Qc7 16. c4 Nh7 17. Be3 f5 18. a3 a5 19. Qc2 Nhf6 20. Nd2 Rac8 21. Qd1 e4 22. b4 Rfe8 23. Bf4 Qd8 24. Rc2 exf3 25. Nxf3 Ne4 26. Nd4 Bxd4+ 27. Qxd4 Qf6 28. Qxf6 Ndxf6 29. Rb2 Nd7 30. bxa5 bxa5 31. Bd3 Nec5 32. Be2 Ne5 33. h4 Nf7 34. Rf2 Kg7 35. Rb6 Ne4 36. Rf3 Ne5 37. Rfb3 Kh8 38. g3 Kg8 39. Kg2 Nxc4 40. Rc6 Ne5 41. Bxe5 dxe5 42. Rxg6+ Kh7 43. Rc6 Rb8 44. Rbb6 Rxb6 45. Rxb6 Rg8 46. d6 Rxg3+ 47. Kf1 Rg8 48. d7 Ng3+ 49. Kf2 Nxe2 50. Kxe2 Rd8 51. Rb5 Rxd7 52. Rxe5 Kg6 53. Rxa5 1/2-1/2